00742 2200253 4500001002100000005001700021008004100038020002200079035002400101041000800125043001300133082001000146090002000156100002400176245012400200260002700324300002900351504001300380650002100393700001700414700002400431850001200455990002100467YOGYA-0711000000060520110713100003.0 ind  a978-979-29-2415-2 0010-071100000000605 aInd aYOPD DIY a025.1 aDEP 025.1 Res A aRESTIANTO, Yanuar E aAudit Sistem informasi menggunakan active data for excelcYanuar E Restianto, Icuk Rangga Bawono ; editor, Nikodemus Wk aYogyakartabAndic2011 avi, 157 hlmbilusc23 cm ahlm. 159 aSistem Informasi aNikodemus wk aBawono, Icuk Rangga aYOPDYOG aCB-D.11 2011-342